[Event "World Cup U16 Prel"]
[Site "Tornelo INT"]
[Date "2021.08.16"]
[Round "4"]
[White "Bunga, Avelino"]
[Black "Sarmiento, Cyle"]
[Result "1-0"]
[WhiteElo "1654"]
[BlackElo "1230"]
[PlyCount "53"]
[EventDate "2021.08.16"]
[EventType "swiss (rapid)"]
[EventRounds "10"]
[EventCountry "NET"]
[SourceTitle "EXT 2025"]
[Source "ChessBase"]
[SourceDate "2024.10.14"]
[SourceVersion "1"]
[SourceVersionDate "2024.10.14"]
[SourceQuality "1"]

1. e4 c5 2. Nf3 e6 3. d4 cxd4 4. Nxd4 Nc6 5. Nc3 Qc7 6. Be3 a6 7. Qd2 Nf6 8. f3 Be7 9. Be2 b5 10. a3 0-0 11. h4 Nxd4 12. Bxd4 Nh5 13. 0-0-0 Bb7 14. g4 Ng3 15. Rh3 h5 16. Rg1 Bd6 17. e5 Nxe2+ 18. Qxe2 Bc5 19. Qe3 Bxd4 20. Qxd4 Qc4 21. Qe3 hxg4 22. b3 Qc7 23. Rxg4 Rac8 24. Rxg7+ Kxg7 25. Qg5+ Kh7 26. Qh5+ Kg7 27. Rg3# 1-0

[Event "World Cup U16 Prel"]
[Site "Tornelo INT"]
[Date "2021.08.16"]
[Round "8"]
[White "Qalichava, Akaki"]
[Black "Sarmiento, Cyle"]
[Result "1-0"]
[WhiteElo "2014"]
[BlackElo "1230"]
[PlyCount "121"]
[EventDate "2021.08.16"]
[EventType "swiss (rapid)"]
[EventRounds "10"]
[EventCountry "NET"]
[SourceTitle "EXT 2025"]
[Source "ChessBase"]
[SourceDate "2024.10.14"]
[SourceVersion "1"]
[SourceVersionDate "2024.10.14"]
[SourceQuality "1"]

1. e4 e5 2. Nf3 Nc6 3. Bb5 a6 4. Ba4 Nf6 5. 0-0 Be7 6. Re1 0-0 7. Bxc6 dxc6 8. Nxe5 Be6 9. d4 Bb4 10. c3 Bd6 11. Nf3 Ng4 12. h3 Nh6 13. Bxh6 gxh6 14. Nbd2 Re8 15. e5 Be7 16. Ne4 Kh8 17. Qd2 Rg8 18. Kh2 Rg6 19. b3 a5 20. c4 Bb4 21. Nc3 Qe7 22. Re3 b5 23. Qd3 Rd8 24. Rc1 a4 25. cxb5 axb3 26. axb3 Bxb3 27. Ne4 Bd5 28. Ng3 Bxf3 29. Rxf3 cxb5 30. Qxb5 Rxd4 31. Qb8+ Rg8 32. Qxc7 Rf8 33. Qxe7 Bxe7 34. Rc7 Bb4 35. Rfxf7 Rxf7 36. Rxf7 Kg8 37. Rb7 Bd2 38. Nf5 Rb4 39. Nxh6+ Kf8 40. Rxb4 Bxb4 41. Kg3 Kg7 42. Nf5+ Kf7 43. f4 Kg6 44. Nh4+ Kf7 45. Kf3 Ke6 46. Ke4 Be1 47. f5+ Kf7 48. Nf3 Bc3 49. g4 Bb4 50. f6 h6 51. Kf5 Bc3 52. e6+ Ke8 53. Nh4 Bb4 54. f7+ Kf8 55. Ng6+ Kg7 56. f8Q+ Bxf8 57. Nxf8 Kxf8 58. Kf6 Ke8 59. e7 h5 60. gxh5 Kd7 61. Kf7 1-0

[Event "World Cup U16 Prel"]
[Site "Tornelo INT"]
[Date "2021.08.16"]
[Round "5"]
[White "Sarmiento, Cyle"]
[Black "Bongo Ngombele, Tary"]
[Result "1-0"]
[WhiteElo "1230"]
[BlackElo "1688"]
[PlyCount "47"]
[EventDate "2021.08.16"]
[EventType "swiss (rapid)"]
[EventRounds "10"]
[EventCountry "NET"]
[SourceTitle "EXT 2025"]
[Source "ChessBase"]
[SourceDate "2024.10.14"]
[SourceVersion "1"]
[SourceVersionDate "2024.10.14"]
[SourceQuality "1"]

1. c4 e5 2. Nc3 Nf6 3. Nf3 Nc6 4. g3 Bc5 5. d3 0-0 6. Be3 Bxe3 7. fxe3 Ng4 8. Qc1 Nb4 9. a3 Nc6 10. h3 Nf6 11. b4 Re8 12. Bg2 e4 13. Nxe4 Nxe4 14. dxe4 Rxe4 15. Nd4 Re8 16. 0-0 Qg5 17. Nf5 g6 18. h4 Qd8 19. Nh6+ Kg7 20. Nxf7 Qe7 21. Bxc6 dxc6 22. Qc3+ Qf6 23. Qxf6+ Kg8 24. Qh8# 1-0

[Event "World Cup U16 Prel"]
[Site "Tornelo INT"]
[Date "2021.08.16"]
[Round "3"]
[White "Sarmiento, Cyle"]
[Black "Rousis, Chrysostomos"]
[Result "0-1"]
[WhiteElo "1230"]
[BlackElo "1779"]
[PlyCount "88"]
[EventDate "2021.08.16"]
[EventType "swiss (rapid)"]
[EventRounds "10"]
[EventCountry "NET"]
[SourceTitle "EXT 2025"]
[Source "ChessBase"]
[SourceDate "2024.10.14"]
[SourceVersion "1"]
[SourceVersionDate "2024.10.14"]
[SourceQuality "1"]

1. c4 e5 2. Nc3 Nf6 3. Nf3 Nc6 4. d4 exd4 5. Nxd4 Nxd4 6. Qxd4 Bb4 7. c5 Bxc3+ 8. Qxc3 d5 9. cxd6 Qxd6 10. Be3 b6 11. Rc1 c5 12. Rd1 Qe6 13. Bg5 0-0 14. Qf3 Ne4 15. Bf4 Ba6 16. e3 Bxf1 17. Kxf1 Rad8 18. Ke1 Qxa2 19. Qxe4 Rxd1+ 20. Kxd1 Qa1+ 21. Ke2 Qxh1 22. Bd6 Qa1 23. Bxf8 Qxb2+ 24. Kf3 Qf6+ 25. Ke2 Kxf8 26. Qa8+ Ke7 27. Qxa7+ Ke8 28. Qb8+ Qd8 29. Qe5+ Kf8 30. Qf5 g6 31. Qe5 Kg8 32. f4 c4 33. Qc3 Qd5 34. g3 Qg2+ 35. Kd1 Qf1+ 36. Kc2 Qe2+ 37. Qd2 Qxd2+ 38. Kxd2 Kg7 39. Kc3 b5 40. Kb4 f5 41. Kxb5 c3 42. Kb4 c2 43. Kb3 c1Q 44. Ka4 Qxe3 0-1